Competencies essential for nursing care : (Record no. 18142)
[ view plain ]
| 000 -LEADER | |
|---|---|
| fixed length control field | 00630nam a22002417a 4500 |
| 003 - CONTROL NUMBER IDENTIFIER | |
| control field | OSt |
| 005 - DATE AND TIME OF LATEST TRANSACTION | |
| control field | 20140310183003.0 |
| 008 - FIXED-LENGTH DATA ELEMENTS--GENERAL INFORMATION | |
| fixed length control field | 130209t xxu||||| |||| 00| 0 eng d |
| 020 ## - INTERNATIONAL STANDARD BOOK NUMBER | |
| International Standard Book Number | 9715131727 |
| 050 ## - LIBRARY OF CONGRESS CALL NUMBER | |
| Classification number | RT 42 |
| Item number | .C753 2003 |
| 245 ## - TITLE STATEMENT | |
| Title | Competencies essential for nursing care : |
| Statement of responsibility, etc | by Educational Publishing House |
| Remainder of title | skill guide part II / |
| 260 ## - PUBLICATION, DISTRIBUTION, ETC. (IMPRINT) | |
| Place of publication, distribution, etc | Manila : |
| Name of publisher, distributor, etc | The Publishers, |
| Date of publication, distribution, etc | 2003. |
| 300 ## - PHYSICAL DESCRIPTION | |
| Extent | 185 p. : |
| Dimensions | 27 cm. |
| 521 ## - TARGET AUDIENCE NOTE | |
| Target audience note | |
| 562 ## - COPY AND VERSION IDENTIFICATION NOTE | |
| Number of copies | 4 |
| 650 ## - SUBJECT ADDED ENTRY--TOPICAL TERM | |
| Topical term or geographic name as entry element | 1. Nurses and nursing. |
| 942 ## - ADDED ENTRY ELEMENTS (KOHA) | |
| Source of classification or shelving scheme | Library of Congress Classification |
| Koha item type | Books |
| Call number prefix | Local |
| Withdrawn status | Lost status | Source of classification or shelving scheme | Damaged status | Home library | Current library | Shelving location | Date acquired | Total Checkouts | Full call number | Barcode | Date last seen | Copy number | Price effective from | Koha item type | Source of acquisition |
|---|---|---|---|---|---|---|---|---|---|---|---|---|---|---|---|
| Library of Congress Classification | Archives | Archives | 12/16/2013 | RT 42 .C753 2003 | C4781 | 05/15/2018 | 3 | 12/16/2013 | Books | Donation | |||||
| Library of Congress Classification | Archives | Archives | 12/16/2013 | RT 42 .C753 2003 | C4783 | 05/15/2018 | 5 | 12/16/2013 | Books | Donation | |||||
| Library of Congress Classification | College Library | College Library | General Circulation Section | 12/16/2013 | RT 42 .C753 2003 | C4779 | 05/15/2018 | 1 | 12/16/2013 | Books | |||||
| Library of Congress Classification | College Library | College Library | General Circulation Section | 12/16/2013 | RT 42 .C753 2003 | C4780 | 05/15/2018 | 2 | 12/16/2013 | Books | |||||
| Library of Congress Classification | College Library | College Library | General Circulation Section | 12/16/2013 | RT 42 .C753 2003 | C4782 | 05/15/2018 | 4 | 12/16/2013 | Books |